000
00251nam a22001097a 4500
999
_c
252264
_d
252263
020
_a
0761986278
100
_a
George Ritzer
245
_a
McDonaldization of Society
250
_a
New Century Edition
260
_a
California
_b
Sage
_c
2000
942
_c
BK